| 000 | 00576pam a22001814a 4500 | ||
|---|---|---|---|
| 020 | _a0471212229 | ||
| 040 | _cDLC | ||
| 082 | 0 | 0 | _a332 J.W 2002 A020 Or. |
| 100 | 1 | _aGeisst, Charles R. | |
| 245 | 1 | 0 |
_aWheels of fortune : _bthe history of speculation from scandal to respectability / |
| 260 |
_aHoboken, N.J. : _bJ. Wiley & Sons, _cc2002. |
||
| 300 |
_axvi, 368 p., [16] p. of plates : _bill. ; _c24 cm. |
||
| 650 | 0 | _aFinancial futures | |
| 650 | 0 | _aSpeculation | |
| 650 | 0 | _aInvestments | |
| 856 | 4 | 1 | _uhttp://www.loc.gov/catdir/toc/wiley023/2002069037.html |
| 942 | _cEK | ||
| 999 |
_c12678 _d12678 |
||